[Event "USA-ch G2"]
[Site "Chandler"]
[Date "1997.08.23"]
[Round "1"]
[White "Gurevich, Dmitry"]
[Black "De Firmian, Nick E"]
[Result "0-1"]
[WhiteElo "2575"]
[BlackElo "2570"]
[Annotator "Psakhis,L"]
[PlyCount "85"]
[EventDate "1997.08.23"]
[EventType "tourn"]
[EventRounds "7"]
[EventCountry "USA"]
[EventCategory "13"]
[SourceTitle "CBM 061"]
[Source "ChessBase"]
[SourceDate "1997.11.23"]
[SourceVersion "1"]
[SourceVersionDate "1997.11.23"]
[SourceQuality "1"]

1. d4 {Baburin,A} Nf6 2. c4 e6 3. Nc3 Bb4 4. e3 O-O 5. Bd3 d5 6. cxd5 exd5 {
Baburin: Situations where White takes on d5, while his bishop is locked inside
his pawn chain (on c1, d2 or b2), are quite common in the Nimzo-Indian Defence.
Usually, White tries to free the bishop by preparing the e3-e4 break (after
f2-f3). Black should try to prevent it or to counter-attack in the centre by ..
.c5.} 7. Nge2 Bd6 8. a3 Re8 {Baburin: A flexible move, Black keeps both
options open, to play ...c5 or to put the pawn on c6.} (8... a5 9. Ng3 (9. Qc2
Na6 10. Bd2 c6 11. Ng3 Re8 12. Nce2 Nc7 13. f3 Ne6 14. Nf5 Bf8 15. O-O c5 16.
Bb5 Bd7 17. Bxd7 Nxd7 18. dxc5 Ndxc5 19. Rad1 Qb6 20. Bc3 Red8 21. Kh1 Qb3 22.
Qd2 Qb6 23. Qe1 Na4 {Chernin,A-Kavalek,L/Subotica izt 1987/CBM 03/[Ftacnik]/1/
2-1/2 (42)}) (9. Rb1 Re8 10. Nb5 Bf8 11. O-O Na6 12. f3 Bd7 13. Nbc3 c5 14. b3
Nc7 15. Kh1 b5 16. dxc5 Bxc5 17. Nd4 Qb8 18. Nce2 Qb6 19. b4 axb4 20. axb4 Bd6
21. Qd2 Re7 22. Rb3 Be5 23. Nf5 Bxf5 {Gurevich,D-Farago,I/Beersheba 1987/CBM
05/0-1 (45)}) 9... Re8 10. O-O c6 11. Qc2 Na6 12. Bd2 c5 13. Bb5 Bd7 14. dxc5
Nxc5 15. Rad1 Rc8 16. Bxd7 Qxd7 17. Bc1 Bxg3 18. hxg3 Nce4 19. Rd4 Qf5 20. Qd1
Re5 21. Ne2 Qg6 22. Nf4 Qh6 23. Bd2 {Martin,A-Farago,I/Hastings8485 1984/
MCD-r8/1/2-1/2 (41)}) (8... c6 9. Ng3 Re8 10. O-O Nbd7 11. Nf5 Bf8 12. f3 c5
13. Ne2 cxd4 14. exd4 Qb6 15. Kh1 Nb8 16. Ne3 Nc6 17. Bc2 g6 18. Bb3 Be6 19. f4
Ne7 20. Ng3 Ng4 21. Nxg4 Bxg4 22. Qxg4 Qxb3 {0-1 Silva,M-Boino,C/POR-sf 1993/
EXT 93ch (38)}) 9. b4 c6 10. Ra2 Nbd7 11. f3 a5 12. O-O (12. b5 c5 $1) 12...
axb4 13. axb4 Rxa2 14. Nxa2 Nf8 15. Qc2 Qe7 16. Ng3 (16. b5 $5 $11) 16... g6 {
[%cal Yh7h4]} 17. Qd2 h5 {Baburin: Now, the g3-knight can be kicked out at any
moment, so the e3-e4 push becomes at least problematic.} 18. Re1 (18. b5 c5 $36
) 18... Ne6 19. Re2 h4 20. Nf1 h3 21. g3 b6 22. Bb2 c5 23. dxc5 bxc5 24. Qc3 $6
{Baburin: This allows Black to get a favorable pawn formation.} (24. bxc5 $1
Bxc5 25. Nc1 Ng5 26. Rf2 $13) 24... d4 $1 25. exd4 cxb4 {Baburin: Now, all
Black's pieces are well placed for attack on the kingside, while White's
pieces lack coordination. Besides, Black has an outside passed pawn.} 26. Qd2
Bb7 $36 {[%csl Rf3]} 27. Rf2 Nd5 28. Qh6 Qf6 $5 (28... Qg5 29. Qxg5 (29. Qxh3
Ndf4 $19) 29... Nxg5 $36) 29. Qxh3 Ra8 30. Nc1 (30. Bc4 Nxd4 $1 (30... Ng5 31.
Qd7) 31. Nd2 Bc5 $1 {[%cal Rc5g1,Rb7f3,Rd5e3]} (31... Ne2+ 32. Rxe2 Qxb2) 32.
Ne4 (32. Kh1 Ne3) 32... Ne2+ 33. Kh1 Qxb2 34. Nxc5 Qd4 $1 $19) 30... Nc3 $1 $17
31. Qg4 (31. Ne3 Qxd4 (31... Ng5 32. Qd7 Nxf3+ 33. Kg2) (31... Nxd4 32. Be4
Bxe4 33. fxe4 Nf3+ 34. Kg2 Qd4 35. Rxf3) 32. Bxg6 (32. Nc2 Ng5 33. Qg2 Qd5)
32... Ng5 33. Qh6 Bc5 34. Qxg5 Qxe3 $17) 31... Nxd4 (31... Nd1 $1 $19) 32. Nd2
Bc5 33. Ne4 (33. Kg2 Nd1 34. Bxd4 Bxd4 35. Re2 Ne3+ 36. Rxe3 Bxe3 37. Qxb4 Bxd2
38. Qxb7 Rd8 $19) 33... Nxf3+ $1 34. Kh1 Bxe4 35. Bxe4 Bxf2 36. Bxa8 Qa6 $1 $19
37. Kg2 Ne5 (37... Nd2 38. Kxf2 Qf1+ 39. Ke3 Nc4+ 40. Kd4 Nxb2 $19) 38. Qxb4
Qxa8+ 39. Kxf2 Nd1+ (39... Qf3+ $5 40. Kg1 (40. Ke1 Nd3+ $1) 40... Nd3 $1 41.
Qb6 Qd1+ 42. Kg2 Qd2+ 43. Kg1 Nxb2 $19) 40. Ke1 Nxb2 41. Qxb2 Qh1+ 42. Kd2
Qxh2+ (42... Nc4+ $142 $1 $18) (42... Nc4+ $19 {Baburin,A}) 43. Ne2 (43. Kc3
Qxg3+) (43. Ne2 Nc4+) 0-1

[Event "FIDE-Wch k.o."]
[Site "Groningen"]
[Date "1997.12.09"]
[Round "1.1"]
[White "Alterman, Boris"]
[Black "Wells, Peter K"]
[Result "1-0"]
[WhiteElo "2615"]
[BlackElo "2530"]
[Annotator "Psakhis,L"]
[PlyCount "91"]
[EventDate "1997.12.09"]
[EventType "k.o."]
[EventRounds "7"]
[EventCountry "NED"]
[SourceTitle "CBM 063"]
[Source "ChessBase"]
[SourceDate "1998.03.26"]
[SourceVersion "1"]
[SourceVersionDate "1998.03.26"]
[SourceQuality "1"]

1. d4 Nf6 2. c4 e6 3. Nc3 Bb4 4. e3 O-O 5. Bd3 d5 6. Nge2 dxc4 7. Bxc4 e5 8.
O-O exd4 (8... Nc6 9. a3 Bd6 10. d5 Ne7 11. Ng3 Nf5 12. Nge4 Nxe4 13. Nxe4 Be7
14. Ba2 Nd6 15. Nc5 Bf6 16. Qc2 b6 17. Ne4 Be7 $11 {1/2-1/2 Gamundi,
A-Estremera,S/Spain t-ch 1995 (43)}) (8... Bd6 9. Nb5 e4 10. Nxd6 Qxd6 11. Nf4
Nc6 12. Bd2 Ne7 13. a3 Ned5 14. Nxd5 Nxd5 15. Qb3 c6 16. Bxd5 Qxd5 17. Qxd5
cxd5 18. Rfc1 Bd7 19. Rc5 Bc6 20. Ba5 Rfc8 21. Rac1 Kf8 {1/2-1/2 Murshed,
N-Tiviakov,S/Dhaka 1997}) 9. exd4 (9. Nxd4 $5 Nbd7 10. Qc2 c6 11. Rd1 Qc7 12.
h3 Ne5 13. Bf1 Re8 14. a3 Bf8 15. e4 c5 16. Ndb5 $14 {1-0 Lugovoi,A-Loginov,V/
St.Peterburg op 1995 (34)}) 9... Nc6 10. h3 $5 {N/} (10. Bg5 Be7 11. Qd2 Nd5
12. Bxe7 Ncxe7 13. Nf4 Nxf4 14. Qxf4 c6 15. Rfe1 Ng6 16. Qe4 Bd7 17. d5 Qf6 $11
{1/2-1/2 Lempert,I-Berkovich,M/Moscow 1990 (40)}) 10... Bf5 11. a3 Bd6 12. Bg5
h6 13. Bh4 Be7 14. Re1 Ne4 (14... Qd7 $5 15. Ng3 Be6 (15... Bg6 16. d5) 16.
Bxe6 (16. d5 Nxd5 17. Bxd5 Bxh4) 16... fxe6 $13) 15. Bxe7 Nxe7 16. Nf4 (16.
Nxe4 $5 Bxe4 17. Nf4 $14) 16... Nf6 (16... Nxc3 17. bxc3 Qd6 18. Qh5 $14) (
16... Nd6 $5 17. Ba2 Qd7) 17. Nh5 Nxh5 18. Qxh5 Bg6 19. Qg4 Kh8 (19... c6 $2
20. Rxe7 Qxe7 21. Qxg6 $18) 20. Rad1 $14 {[%csl Gc4,Ge1,Gg4]} c6 21. h4 (21. d5
$5 cxd5 22. Nxd5 Nxd5 23. Bxd5 $14) 21... Ng8 (21... Bc2 $5 22. Rd2 $140 Bf5
23. Qf3 Be6 24. Bxe6 fxe6 $13) (21... Qd6 22. d5) (21... Nf5 $5 22. h5 Nd6 $1 {
[%csl Gd6]}) 22. d5 $1 Nf6 23. Qf4 Bh5 (23... cxd5 24. Nxd5 Nxd5 25. Rxd5 (25.
Bxd5) 25... Qb6 26. Rb5 Qc6 27. Re7 $16) 24. dxc6 $5 (24. Rd2 Re8 25. Rxe8+
Qxe8 26. dxc6 bxc6 (26... Qxc6 $2 27. Rd6 Qe8 28. Rxf6 $18) 27. Rd6 $36) 24...
Bxd1 25. cxb7 Rb8 26. Rxd1 Qe7 27. Ba6 {[%csl Gb7]} Qe6 (27... Rfe8 $5) 28. Rd6
Qe1+ 29. Kh2 Qe7 30. Nd5 Nxd5 (30... Qe4 31. Rxf6 Qxd5 32. Rd6 $16) 31. Rxd5
Qe6 (31... Rfe8 $5) 32. Rd6 Qe7 33. b4 Kg8 34. Rc6 $16 {[%cal Gc6c7,Gf4c7]}
Rxb7 35. Bxb7 Qxb7 36. Rc5 (36. Rc7 Qa6 37. Qg3 (37. Qd4 $5 Qxa3 38. Rxa7))
36... Rc8 37. Rxc8+ Qxc8 38. a4 $18 Qa6 39. b5 Qb6 (39... Qa5 $5) 40. Qe3 Qc7+
(40... Qa5 $5 41. Qe8+ Kh7 42. Qe4+ g6) 41. g3 h5 42. Qe8+ Kh7 43. Qe4+ g6 44.
Qf4 Qb7 45. a5 $1 Kg8 (45... Qxb5 46. Qxf7+ Kh6 47. Qxa7) 46. Qb4 {[%cal Rb5b6]
} 1-0

[Event "RUS-Cup3"]
[Site "Omsk"]
[Date "1996.??.??"]
[Round "4"]
[White "Iskusnyh, Sergei"]
[Black "Graf, Alexander"]
[Result "1-0"]
[WhiteElo "2460"]
[BlackElo "2580"]
[Annotator "Psakhis,L"]
[PlyCount "47"]
[EventDate "1996.12.13"]
[EventType "swiss"]
[EventRounds "9"]
[EventCountry "RUS"]
[SourceTitle "CBM 057"]
[Source "ChessBase"]
[SourceDate "1997.04.01"]
[SourceVersion "1"]
[SourceVersionDate "1997.04.01"]
[SourceQuality "1"]

1. d4 Nf6 2. c4 e6 3. Nc3 Bb4 4. e3 c5 5. Bd3 Nc6 6. Nge2 cxd4 7. exd4 d5 8.
cxd5 Nxd5 9. O-O Bd6 10. Ne4 Be7 11. a3 O-O 12. Bc2 Qc7 {[%cal Yf8d8]
Interesting move was introduced into practice by Ivanchuk.} (12... b6 {After
"normal"} 13. Qd3 g6 14. Bh6 Re8 15. Rad1 Bb7 16. Bb3 Rc8 17. Rfe1 Na5 18. Ba2
Nf6 19. N4c3 Qc7 $11 {Black got good position in the game Chuchelov,V-Yakovich,
Y/ Leeuwarden op 1995 (68)}) 13. Qd3 Rd8 14. Rd1 (14. N4c3 g6 15. Bh6 Nxc3 16.
bxc3 e5 17. Bb3 Bf5 18. Qe3 Bf6 $15) (14. Ng5 $6 g6 15. Qf3 Bf6 16. Rd1 Bg7 17.
Bb3 h6 18. Ne4 Nce7 $15 {0-1 Rogers,I-Ivanchuk,V/Moscow olm 1994 (34)}) (14.
Bg5 $2 f5 15. Bxe7 fxe4 16. Bxd8 (16. Qxe4 Ncxe7 17. Qxh7+ Kf8 $17) 16... exd3
17. Bxc7 dxe2 $17) 14... g6 (14... h6 15. N4c3 Nf6 16. Qc4 a6 17. Bf4 Bd6 18.
Bxd6 Qxd6 19. Ne4 Nxe4 20. Bxe4 Ne7 $11 {0-1 Iskusnyh,S-Ruban,V/Kemerovo 1995 
(30)}) 15. Bh6 e5 ({Too dangerous for Black} 15... Ncb4 $2 16. axb4 Nxb4 17.
Qf3 $1 (17. Qc3 $6 Qxc3 18. bxc3 Nxc2 19. Ra2 Na3 20. Rda1 Nb5 (20... f5 21.
Bg5 $5 Bxg5 22. Nxg5 Nb5 23. Ra5 $1 $14) 21. Ra5 Nd6 22. Nxd6 Rxd6 23. Rxa7
Rxa7 24. Rxa7 Ra6 $1 25. Rxa6 bxa6 $17) 17... Qxc2 (17... Nxc2 $2 {Pin on c
line will be deadly damgerous for a Black} 18. Nf6+ Kh8 19. Rac1 {[%cal Rc1c7]}
Qc6 {Only move} (19... Qc4 $2 20. Ng4 $1 f5 (20... f6 21. Qe4 $18) 21. Ne5 $18)
20. d5 $1 (20. Nd5 exd5 21. Qxf7 Qf6 22. Qxf6+ Bxf6 23. Rxc2 Bf5 $11) (20. Ne4
$5 f5 (20... f6 21. Rd2) 21. Ng5 Qxf3 22. gxf3 Nb4 23. Nf7+ Kg8 24. Nxd8 Bxd8
25. Rc4 Nc6 $14) 20... Qc4 (20... exd5 21. Nxd5 Be6 22. Nxe7 Qxf3 23. gxf3
Rxd1+ 24. Rxd1 Re8 25. Nf4 $18)) 18. Rac1 Qa4 19. Nf6+ Kh8 20. Nc3 Qb3 (20...
Qa5 21. Nfd5 $1 {[%cal Rf3f7]} Nxd5 22. Nxd5 Qxd5 23. Qxf7 Rg8 24. Qxe7 $18)
21. Nfd5 $1 Nxd5 22. Qxf7 Rg8 23. Nxd5 Qxd5 24. Qxe7 $18) ({I'll prefer} 15...
b6 16. Rac1 Bb7 {with equal position.}) 16. Bb3 $1 {[%cal Rb3f7,Rd3d8]} Bg4 (
16... Bf5 $5 17. Qf3 Bxe4 18. Qxe4 Nf6 19. Qc2 (19. Qf3 Nxd4 20. Nxd4 exd4)
19... Ng4 20. Bxf7+ $1 Kh8 $1 (20... Kxf7 21. Qb3+ Ke8 22. Qg8+ Kd7 23. dxe5+
Kc8 24. Qe6+ $18) 21. Ba2 (21. Be3 Nxe3 22. fxe3 Bg5) 21... Nxh6 22. d5 $14)
17. Bxd5 Rxd5 18. N4c3 Rd7 19. d5 Bxe2 20. Qxe2 Nd4 21. Qd3 Qb6 (21... Nf5 $11)
22. Be3 Qxb2 $4 {Terrible blunder.} ({After} 22... Rad8 23. b4 a5 24. bxa5 (24.
b5 Bf8 $11) 24... Qxa5 25. Bxd4 exd4 26. Qxd4 Bf8 27. Ne4 Bg7 28. Nf6+ Bxf6 29.
Qxf6 Rxd5 $11 {Nenashev could easy maintain equal chances.}) 23. Bxd4 exd4 24.
Na4 1-0

[Event "RUS-Cup01 Chigorin Memorial"]
[Site "St Petersburg"]
[Date "1997.11.08"]
[Round "8"]
[White "Shchukin, Dmitry"]
[Black "Kiriakov, Petr"]
[Result "0-1"]
[WhiteElo "2400"]
[BlackElo "2505"]
[Annotator "Psakhis,L"]
[PlyCount "76"]
[EventDate "1997.11.01"]
[EventType "swiss"]
[EventRounds "9"]
[EventCountry "RUS"]
[SourceTitle "CBM 062"]
[Source "ChessBase"]
[SourceDate "1998.01.31"]
[SourceVersion "1"]
[SourceVersionDate "1998.01.31"]
[SourceQuality "1"]

1. d4 e6 2. c4 Nf6 3. Nc3 Bb4 4. e3 c5 5. Bd3 Nc6 6. Nge2 cxd4 7. exd4 d5 8.
O-O dxc4 9. Bxc4 O-O 10. a3 Be7 11. Be3 $6 {After this modest move White
couldn,t pretend for advantage, much stronger was to play 11.Qd3 with the idea
to send queen to the king side. For example} (11. Qd3 {[%cal Yd3h3,Yc1g5,Yc4d3]
} b6 12. Rd1 Bb7 13. Qh3 Re8 14. d5 $1 exd5 15. Nxd5 Nxd5 16. Bxd5 $36 {
1-0 Lalev-Kruszynski/Albena 1983 (50)}) 11... a6 12. Ba2 b5 13. Nf4 {Black
hasn,t any troubles after} (13. d5 exd5 14. Nxd5 Be6 (14... Nxd5 15. Bxd5 Bb7)
15. Bb6 (15. Nxe7+ Qxe7 16. Bxe6 Qxe6 $11) 15... Qd7 16. Nxe7+ Qxe7 17. Bxe6
Qxe6 18. Re1 Rfe8 $11 {but may be it was best solution.}) 13... b4 $1 14. axb4
Nxb4 {[%csl Gd5][%cal Yc8b7,Yf6d5]} 15. Qf3 Rb8 16. Bb1 Bb7 {Also possible} (
16... Bd6 17. Nh5 Nxh5 18. Qxh5 f5 19. Bg5 Qb6 20. Ra3 Bb7 $11 {0-1 Shchukin,
D-Orlov,V/St.Petersburg-ch 1997/CBM 58 (32)}) 17. Qh3 g6 18. Na4 (18. Rc1 $5)
18... Nbd5 19. Nxd5 {Why not} (19. Nc5 $11 {!?}) 19... Bxd5 20. Rc1 a5 $17 {
[%csl Rb2,Rd4,Gd5][%cal Rb8b2]} 21. Bc2 Nh5 (21... Rb4 $5) 22. Bd1 Ng7 {
[%cal Yg7f5]} 23. Bf4 Rb7 (23... Bd6) 24. Bd2 {[%csl Ra5]} Bg5 $1 25. Qc3 Nf5
26. Nc5 Rb4 {[%csl Rd4]} 27. Ra4 Bxd2 28. Qxd2 Rxd4 $1 29. Rxd4 Nxd4 30. Ra1 (
30. Qxd4 Qg5 $19) 30... Bc6 {[%cal Yd8d5,Rd5g2]} (30... Bxg2 $5 31. Kxg2 Qd5+
32. f3 Qxc5 33. Rxa5 Qd6 $19) 31. Qe3 $6 (31. Nd3 $1 Qd5 32. Ne1 $17) 31... Qd5
$19 32. Bf3 Nxf3+ 33. gxf3 Qxf3 34. Qxf3 Bxf3 35. Rxa5 Rd8 36. h4 Kg7 37. Kh2
Rb8 38. Ra7 Bd5 0-1

[Event "Czerniak Memorial 14th"]
[Site "Tel Aviv"]
[Date "1998.04.18"]
[Round "9"]
[White "Kaspi, Alexander"]
[Black "Elbilia, Jacques"]
[Result "1-0"]
[WhiteElo "2525"]
[BlackElo "2360"]
[Annotator "Psakhis,L"]
[PlyCount "67"]
[EventDate "1998.04.09"]
[EventType "tourn"]
[EventRounds "9"]
[EventCountry "ISR"]
[EventCategory "9"]
[SourceTitle "CBM 065"]
[Source "ChessBase"]
[SourceDate "1998.08.06"]
[SourceVersion "1"]
[SourceVersionDate "1998.08.06"]
[SourceQuality "1"]

1. d4 e6 2. c4 Nf6 3. Nc3 Bb4 4. e3 c5 5. Bd3 Nc6 6. Nge2 cxd4 7. exd4 d5 8.
cxd5 Nxd5 9. O-O O-O 10. Bc2 Bd6 11. Ne4 Be7 12. a3 Qc7 $5 ({In the end of 80
big popularity gain} 12... b6 {and it is still unclear where White can get an
advantage, for example} 13. Qd3 g6 (13... a5 $5 14. Rd1 Ba6 15. Qf3 Rc8 16. Bb3
Bb7 17. Qg3 Bh4 18. Qd3 Nce7 19. Nf4 Rxc1 {0-1 Olafsson,F-Olafsson,H/Reykjavik
op 1995}) 14. Bh6 Re8 15. Rad1 Bb7 16. Rfe1 Rc8 17. Bb3 $5 (17. N2c3 Na5 18.
Qg3 Nc4 19. Ba4 Bc6 20. Bb3 Nxc3 21. bxc3 Bxe4 22. Rxe4 Nd6 $13 {0-1 Shirov,
A-Psakhis,L/Klaipeda 1988 (68)}) 17... a6 18. N2g3 Nb8 $13 {1-0 Kamsky,G-Short,
N/Linares (m/5) 1994 (25)}) 13. Qd3 Rd8 14. Ng5 (14. N4c3 g6 15. Bh6 Nxc3 16.
bxc3 e5 17. Bb3 Bf5 18. Qe3 Bf6 $11 {1/2-1/2 Huebner,R-Rogers,I/Polanica Zdroj
1996 (43)}) (14. Rd1 g6 15. Bh6 e5 (15... b6 $5 $13) 16. Bb3 Bg4 17. Bxd5 Rxd5
18. N4c3 Rd7 19. d5 Bxe2 20. Qxe2 Nd4 $11 {1-0 Iskusnyh,S-Nenashev,A/RUS-Cup3
1996 (23)}) 14... g6 15. Qf3 (15. Bb3 Nf6 (15... Bf8 16. Qh3 Nf6 17. Nf3 Qb6
18. Ba2 Bg7 19. Qh4 Nd5 20. Nc3 Nce7 21. Nxd5 Nxd5 22. Bh6 f6 23. Bxg7 Kxg7 24.
Rab1 Bd7 25. Rfe1 Be8 26. Qe4 Bf7 $11 {1/2-1/2 Milov,V-Karpov,A/Biel-A 1997 
(79)}) 16. Rd1 Bf8 17. Bf4 Qe7 18. Qe3 Nd5 19. Bxd5 exd5 20. Nf3 Qxe3 21. fxe3
f6 22. Rac1 Bf5 $15 {0-1 Kamsky,G-Karpov,A/Wch Elista 1996 (61)}) 15... Bf8 16.
Bb3 Bg7 17. Rd1 f6 $6 {[%csl Re6][%cal Rb3e6] N Novelty, but not the best one.
Much stronger} (17... h6 {and after} 18. Ne4 Nce7 19. N4c3 Nxc3 20. bxc3 Qc6
21. Qxc6 Nxc6 {0-1 Rogers,I-Ivanchuk,V/Moscow olm 1994 (34) Black at least
equalised. After the textmove Black has too many weaknesses on the king,s side.
}) 18. Ne4 (18. Nh3 $5 {[%cal Gh3f4]}) 18... Nce7 (18... Qf7 $142 $5 $14) 19.
N2c3 ({Deserves serious attention} 19. Bf4 $5 {for example} Qb6 (19... Nxf4 $2
20. Nxf4 {[%csl Re6]} Qb6 21. Nc5 $18) 20. Rac1 Nf5 21. Bg3 {[%cal Ge4c5]})
19... Kh8 20. Nxd5 (20. h4 $5) 20... Nxd5 21. h4 $1 {[%cal Rh4h5] Very
unpleasant move for Black.} Qe7 (21... Qb6 $5) 22. h5 Kg8 $6 {[%cal Rb3g8]} (
22... g5 23. Nc3 $5 $36) (22... gxh5 $5 23. Qxh5 b6 24. Bh6 Bb7 $14) 23. Re1 {
[%csl Re6][%cal Ge4c3,Re1e6,Rb3e6]} Qf7 24. hxg6 hxg6 25. Qg3 $5 {[%csl Rg6]
[%cal Ge4d6]} (25. Nc3 $5 Ne7 $5 {[%cal Ge7f5]}) 25... Bf8 26. Bf4 $1 {[%csl
Rd6] Kaspi slowly, but surely increase pressure for black,s position} Bd7 (
26... Nxf4 27. Qxf4 Be7 28. Rad1 {[%cal Rd4d5]}) 27. Bd6 (27. Nd6 Bxd6 28. Bxd6
Bc6 $14) 27... Bh6 (27... Ne7 28. Qf4 Nf5 29. Bxf8 Rxf8 30. Nc5 $18 {[%csl Rb7,
Re6][%cal Rb3f7]}) (27... Bg7 $5 28. Nc5 $16) 28. Nc5 {[%cal Gb3d5,Ge1e7]} Bc6
(28... Re8 $8 29. Qh3 $5 Bd2 $8 (29... Bg7 30. Bxd5) (29... Bf4 30. Bxf4 Nxf4
31. Qh6 g5 32. Nxd7 Qxd7 33. Qxf6 $18) 30. Re2 Bf4 31. Bxd5 Bxd6 32. Nxe6 Re7
33. Rae1 $18) 29. Nxe6 Rd7 (29... Re8 30. Nc7 $18) 30. Nc5 $18 Rxd6 31. Qxd6
Bf4 32. Qxf4 Nxf4 33. Bxf7+ Kxf7 34. f3 1-0